Comprehensive dynamics of statecraft and governance : (Record no. 5267)

MARC details
000 -LEADER
fixed length control field 00549nam a2200157 4500
001 - CONTROL NUMBER
control field 6231
005 - DATE AND TIME OF LATEST TRANSACTION
control field 20181127181224.0
020 00 - INTERNATIONAL STANDARD BOOK NUMBER
International Standard Book Number 9789843417121
100 00 - MAIN ENTRY--PERSONAL NAME
Personal name Choudhury, Hasanuzzaman.
245 00 - TITLE STATEMENT
Title Comprehensive dynamics of statecraft and governance :
Remainder of title pattern, practicality and performance /
Statement of responsibility, etc. Hasanuzzaman Choudhury.
Medium
260 00 - PUBLICATION, DISTRIBUTION, ETC.
Place of publication, distribution, etc. Bangladesh :
Name of publisher, distributor, etc. Center for Social Research, Bangladesh (CSRB)
Date of publication, distribution, etc. 2017
300 00 - PHYSICAL DESCRIPTION
Extent 61 p. ; 20 cm.
650 00 - SUBJECT ADDED ENTRY--TOPICAL TERM
Topical term or geographic name entry element Comparative government.
General subdivision
Topical term or geographic name entry element Politics and government.
General subdivision
Holdings
Withdrawn status Lost status Source of classification or shelving scheme Damaged status Not for loan Collection code Home library Current library Shelving location Serial Enumeration / chronology Inventory number Total Checkouts Full call number Barcode Date last seen Price effective from Koha item type
    Dewey Decimal Classification     Main TEST RTC Library RTC Library Main opac 9956   321 CHO 30010195 27/11/2018 27/11/2018 Main
Royal Thimphu College || All Right Reserved